Pokémon - Les attaques de Bleuseille - Statistiques

Statistiques générales
  • Ce quiz a été pris 15 fois
  • Le résultat moyen est 8 sur 11
Statistiques - réponses
Niveaux Types Noms des attaques % Correct
Niveau 16 Vol Picore
100%
Départ Vol Picpic
100%
Niveau 46 Vol Rapace
100%
Départ Ténèbres Arrogance
88%
Niveau 34 Vol Bec Vrille
88%
Départ Normal Groz'Yeux
88%
Départ Ténèbres Aiguisage
75%
Niveau 22 Ténèbres Provoc
63%
Niveau 12 Normal Furie
50%
Niveau 28 Normal Grimace
50%
Niveau 40 Normal Vantardise
25%
Aucun quiz correspondant
Distribution des résultats
% des personnes avec chaque résultat
Percentile par nombre de réponses
Votre historique - résultats
Vous n’avez pas pris ce quiz